| 000 | nam a22 4500 | ||
|---|---|---|---|
| 999 |
_c29842 _d29842 |
||
| 008 | 180920b xxu||||| |||| 00| 0 eng d | ||
| 050 | _aHD2346.U5M83 2012 | ||
| 100 | _aMuchuga George | ||
| 245 |
_aFactors affecting suppliers selection in the hoticultural industry : _ba case study of waridi limited/ |
||
| 260 |
_aKenya : _bGeorge Muchuga _c2012 |
||
| 300 |
_axii,62p. : _bill. ; _c30cm |
||
| 521 | _aMBA | ||
| 650 |
_asuppliers selection _xHorticultural _yWarid LTD |
||
| 942 |
_2lcc _cRESEARCH _hHD2346.U5M83 2012 |
||